2° europa per curiosità - Statistics

Statistiche generali
  • Questo quiz è stato fatto 60 volte
  • Il punteggio medio è 5 su 12
Risposte nella Mappa
Le risposte nella mappa del quiz sottostante sono codificate secondo una scala di colori dal rosso al verde in base alla % di persone che hanno risposto correttamente.
 
Statistiche sulle risposte
Risposta % Corretto
è l'unico paese al mondo senza zanzare
66%
dispone del porto fluviale più grande d'europa
55%
è omonimo di uno stato degli USA
55%
questa nazione è il rimasuglio del primo impero nato in europa
47%
è il paese con il maggiore consumo di birra al mondo
42%
è la più piccola delle ex repubbliche sovietiche
37%
è lo stato europeo dove il litorale costituisce la minor percentuale di confini del paese
37%
ospita l'insediamento umano più antico al mondo
32%
questo paese condivide con uno stato più grande l'unico confine al mondo che si estende in superficie e non in lunghezza
29%
è il paese con più suddivisioni amministrative di primo grado al mondo
18%
è il paese europeo con il maggiore consumo di pesce pro capite
18%
in questo paese caddero delle bombe nucleari statiunitensi
16%
Nessun quiz corrispondente trovato
Distribuzione punteggi
Percentuale di utenti per punteggio
Percentile per numero di risposta
I tuoi punteggi nel tempo
Non hai fatto questo quiz